Simulation of the lightning leader orientation; Korus`98. Proceedings

Chi tiết về thư mục
Parent link:Korus`98. Proceedings.— 1999.— P. 100-103
Tác giả chính: Noskov M. D.
Tác giả khác: Lopatin V. V. Vladimir Vasilyevich, Pleshkov O. I.
Ngôn ngữ:Tiếng Anh
Được phát hành: 1999
Những chủ đề:
Định dạng: Chương của sách
KOHA link:https://koha.lib.tpu.ru/cgi-bin/koha/opac-detail.pl?biblionumber=244398

MARC

LEADER 00000naa2a2200000 4500
001 244398
005 20251229142624.0
035 |a (RuTPU)RU\TPU\book\265781 
090 |a 244398 
100 |a 20131022d1999 k||y0rusy50 ba 
101 0 |a eng 
102 |a RU 
200 1 |a Simulation of the lightning leader orientation  |f M. D. Noskov, V. V. Lopatin, O. I. Pleshkov 
320 |a References: p. 103 (3 tit.) 
463 1 |0 (RuTPU)RU\TPU\book\10961  |t Korus`98. Proceedings  |o The Second Russian-Korean International Symposium on Science and Technology, August, 30-September, 5, 1998  |f Tomsk Polytechnic University (TPU)  |v P. 100-103  |d 1999 
610 1 |a труды учёных ТПУ 
700 1 |a Noskov  |b M. D. 
701 1 |a Lopatin  |b V. V.  |c Doctor of physical and mathematical sciences  |c Professor of Tomsk Polytechnic University (TPU)  |f 1947-  |g Vladimir Vasilyevich  |3 (RuTPU)RU\TPU\pers\30091 
701 1 |a Pleshkov  |b O. I. 
801 1 |a RU  |b 63413507  |c 20131022 
801 2 |a RU  |b 63413507  |c 20131022  |g RCR 
942 |c BK